000 00461nam a2200169 4500
001 44941
090 _a44941
100 _a20251014 pory50
101 _apor
_aing
102 _aPT
200 _aDune
_eDuna
_frealiz. David Lynch
_gact.s Kyle MacLachlan , Sting , Max Con Sydow ; Patrick Stewart , Linda Hunt
210 _a[S.l.]
_cdist. Lusomundo
_d2001
215 _a1 DVD
300 _a110 m. M/12
675 _a82-311.9
801 _aPT
_gRPC
990 _cFILMES DVD